QUEST Central Library Banner

Financial Accounting (Record no. 57281)

MARC details
000 -LEADER
fixed length control field 00231nam a22001097a 4500
082 ## - DEWEY DECIMAL CLASSIFICATION NUMBER
Classification number IRV
100 ## - MAIN ENTRY--AUTHOR NAME
Personal name Irvine, John
245 ## - TITLE STATEMENT
Title Financial Accounting
260 ## - PUBLICATION, DISTRIBUTION, ETC. (IMPRINT)
Place of publication New York:
Name of publisher Mcgraw-Hill,
Year of publication 2002.
300 ## - PHYSICAL DESCRIPTION
Number of Pages 330p. ;
942 ## - ADDED ENTRY ELEMENTS (KOHA)
Koha item type Books
Holdings
Withdrawn status Lost status Home library Current library Date acquired Full call number Accession Number Koha item type
    Central Library, QUEST, Nawabshah Central Library, QUEST, Nawabshah 12/01/2017 IRV D1681 Books

Copyright © 2018,The QUEST, Nawabshah, Shaheed Benazirabad. All rights reserved
Mr. G. Farooq Channar (Librarian) QUEST, Nawabshah, Sindh, Pakistan 67480.
 Ph#: |   0244-9370381-4 Ext. 2308   Email| lib@quest.edu.pk   Web|  http://www.quest.edu.pk